Central Library OPAC University of Rajshahi

Tropical rain forest : (Record no. 69565)

MARC details
000 -LEADER
fixed length control field 01380nam a2200313 a 4500
001 - CONTROL NUMBER
control field 69565
003 - CONTROL NUMBER IDENTIFIER
rucl marc code BD-RjUL
005 - DATE AND TIME OF LATEST TRANSACTION
control field 20211209081913.0
008 - FIXED-LENGTH DATA ELEMENTS--GENERAL INFORMATION
fixed length control field 170412s1983 enka b 101 0 eng d
020 ## - INTERNATIONAL STANDARD BOOK NUMBER
International Standard Book Number 0632011424
035 ## - SYSTEM CONTROL NUMBER
System control number (BD-RjUL)69777
040 ## - CATALOGING SOURCE
Original cataloging agency BD-RjUL
Language of cataloging eng
Transcribing agency BD-RjUL
041 ## - LANGUAGE CODE
Language code of text/sound track or separate title eng
082 ## - DEWEY DECIMAL CLASSIFICATION NUMBER
Edition number 23
Classification number 577.34
Author mark and year TRO 1983
245 10 - TITLE STATEMENT
Title Tropical rain forest :
Remainder of title ecology and management /
Statement of responsibility, etc. edited by S.L. Sutton, T.C. Whitmore and A.C. Chadwick
260 ## - PUBLICATION, DISTRIBUTION, ETC. (IMPRINT)
Place of publication, distribution, etc. Oxford :
Name of publisher, distributor, etc. Blackwell Scientific,
Date of publication, distribution, etc. 1983
300 ## - PHYSICAL DESCRIPTION
Pagination xiii, 498 p. :
Illustrations ill. ;
Size 26 cm.
490 1# - SERIES STATEMENT
Series statement Special publication / British Ecological Society ;
Volume/sequential designation no. 2
500 ## - GENERAL NOTE
General note Proceedings of the Leeds Symposium on Tropical Rain Forest Ecology and Resource Management held at Leeds University at Easter 1982 to celebrate the 21st anniversary of the foundation of the Tropical Group of the British Ecological Society
504 ## - BIBLIOGRAPHY, ETC. NOTE
Bibliography, etc Includes bibliographies and indexes
650 #0 - SUBJECT ADDED ENTRY--TOPICAL TERM
Topical term or geographic name as entry element Jungle ecology
General subdivision Congresses
9 (RLIN) 206052
Topical term or geographic name as entry element Rain forests
General subdivision Congresses
9 (RLIN) 206053
700 1# - ADDED ENTRY--PERSONAL NAME
Personal name Chadwick, A. C.
Personal name Sutton, S. L.
Fuller form of name (Stephen Laurence),
Dates associated with a name 1938-
Personal name Whitmore, T. C.
Fuller form of name (Timothy Charles)
710 2# - ADDED ENTRY--CORPORATE NAME
Corporate name or jurisdiction name as entry element British Ecological Society.
Subordinate unit Tropical Group.
9 (RLIN) 206057
830 #0 - SERIES ADDED ENTRY--UNIFORM TITLE
Uniform title Special publication ... of the British Ecological Society ;
Volume number/sequential designation no. 2
942 ## - ADDED ENTRY ELEMENTS (KOHA)
Source of classification or shelving scheme Dewey Decimal Classification
Koha item type Books
Holdings
Lost status Source of classification or shelving scheme Damaged status Not for loan Collection code Permanent Location Current Location Shelving location Date acquired Source of acquisition Cost, normal purchase price Total Checkouts Full call number Date last seen Copy number Koha item type
  Dewey Decimal Classification   Not For Loan Non-fiction Central Library, University of Rajshahi Central Library, University of Rajshahi Reading Room 29/09/1991 Abacus, London 4.95   577.34 TRO 1983 12/04/2017 C-1 Books